[Event "8th Vellmar Chess Days"]
[Site "chess24.com"]
[Date "2016.07.31"]
[Round "7"]
[White "Meyner, Hannes"]
[Black "Zahn, Richard"]
[Result "0-1"]
[Board "7"]
[WhiteElo "2204"]
[WhiteCountry "GER"]
[WhiteFideId "4664205"]
[WhiteEloChange "-13"]
[BlackElo "2086"]
[BlackCountry "GER"]
[BlackFideId "4681690"]
[BlackEloChange "13"]

1. d4 {[%clk 1:30:53]} e6 {[%clk 1:30:29]} 2. c4 {[%clk 1:30:54]} f5 {[%clk
1:29:21]} 3. Nf3 {[%clk 1:27:27]} Nf6 {[%clk 1:29:42]} 4. g3 {[%clk 1:26:23]} d5
{[%clk 1:30:03]} 5. Bg2 {[%clk 1:26:35]} c6 {[%clk 1:30:10]} 6. O-O {[%clk
1:26:35]} Bd6 {[%clk 1:29:38]} 7. b3 {[%clk 1:23:19]} O-O {[%clk 1:25:51]} 8. Ba3
{[%clk 1:21:11]} Bxa3 {[%clk 1:25:58]} 9. Nxa3 {[%clk 1:21:35]} Qe7 {[%clk
1:26:12]} 10. Nc2 {[%clk 1:20:37]} Bd7 {[%clk 1:14:16]} 11. Nce1 {[%clk 1:19:08]}
Be8 {[%clk 1:11:16]} 12. Nd3 {[%clk 1:18:30]} Nbd7 {[%clk 1:10:52]} 13. Qc2
{[%clk 1:10:54]} Bh5 {[%clk 0:59:31]} 14. Nfe5 {[%clk 1:09:18]} Nxe5 {[%clk
0:59:08]} 15. Nxe5 {[%clk 1:09:28]} Nd7 {[%clk 0:58:02]} 16. Nd3 {[%clk 1:07:21]}
Qf6 {[%clk 0:47:45]} 17. e3 {[%clk 1:05:59]} g5 {[%clk 0:42:06]} 18. f4 {[%clk
0:59:57]} h6 {[%clk 0:37:24]} 19. Rf2 {[%clk 0:57:40]} Kg7 {[%clk 0:31:35]} 20.
Rc1 {[%clk 0:56:05]} Qe7 {[%clk 0:24:40]} 21. Qb2 {[%clk 0:54:30]} Rad8 {[%clk
0:20:32]} 22. cxd5 {[%clk 0:49:30]} exd5 {[%clk 0:19:57]} 23. Ne5 {[%clk
0:49:43]} Nxe5 {[%clk 0:18:42]} 24. dxe5 {[%clk 0:49:53]} Kg8 {[%clk 0:18:42]}
25. Qd4 {[%clk 0:47:53]} a6 {[%clk 0:18:53]} 26. Rc5 {[%clk 0:46:34]} Be8 {[%clk
0:17:06]} 27. b4 {[%clk 0:44:38]} g4 {[%clk 0:15:17]} 28. a4 {[%clk 0:43:31]} Ra8
{[%clk 0:14:57]} 29. Rfc2 {[%clk 0:42:36]} Kh7 {[%clk 0:13:08]} 30. Rc1 {[%clk
0:41:01]} h5 {[%clk 0:13:18]} 31. Qb2 {[%clk 0:34:31]} Rf7 {[%clk 0:12:46]} 32.
Bf1 {[%clk 0:32:53]} h4 {[%clk 0:12:19]} 33. Bd3 {[%clk 0:32:07]} hxg3 {[%clk
0:12:01]} 34. hxg3 {[%clk 0:32:21]} Kg6 {[%clk 0:11:43]} 35. Qe2 {[%clk 0:31:11]}
Kg7 {[%clk 0:10:05]} 36. Bxf5 {[%clk 0:25:19]} Rxf5 {[%clk 0:10:21]} 37. Qxg4+
{[%clk 0:25:44]} Bg6 {[%clk 0:10:24]} 38. b5 {[%clk 0:24:31]} axb5 {[%clk
0:10:09]} 39. axb5 {[%clk 0:24:55]} Ra1 {[%clk 0:10:30]} 40. Rxc6 {[%clk
0:19:11]} bxc6 {[%clk 0:10:22]} 41. Rxa1 {[%clk 0:19:00]} Qc5 {[%clk 0:09:58]}
42. Qe2 {[%clk 0:11:00]} Rh5 {[%clk 0:04:29]} 43. bxc6 {[%clk 0:00:44]} Rh6
{[%clk 0:24:36]} 44. e6 {[%clk 0:24:46]} Be4 {[%clk 0:22:16]} 45. Qb2+ {[%clk
0:12:38]} Kg6 {[%clk 0:19:36]} 46. f5+ {[%clk 0:12:47]} Kxf5 {[%clk 0:19:58]} 47.
Rf1+ {[%clk 0:06:37]} Kxe6 {[%clk 0:20:15]} 48. Qb3 {[%clk 0:05:51]} Rh1+ {[%clk
0:20:06]} 49. Kf2 {[%clk 0:06:18]} Rh2+ {[%clk 0:20:21]} 0-1

[Event "8th Vellmar Chess Days"]
[Site "chess24.com"]
[Date "2016.07.31"]
[Round "7"]
[White "Pallas, Sebastian"]
[Black "Bub, Volker"]
[Result "1/2-1/2"]
[Board "8"]
[WhiteElo "2204"]
[WhiteCountry "GER"]
[WhiteFideId "12905453"]
[WhiteEloChange "-4"]
[BlackElo "2063"]
[BlackCountry "GER"]
[BlackFideId "4618963"]
[BlackEloChange "4"]

1. e4 {[%clk 1:30:56]} c5 {[%clk 1:29:25]} 2. Nf3 {[%clk 1:31:18]} g6 {[%clk
1:29:25]} 3. d4 {[%clk 1:31:19]} cxd4 {[%clk 1:28:27]} 4. Nxd4 {[%clk 1:31:40]}
Bg7 {[%clk 1:28:36]} 5. c4 {[%clk 1:31:52]} Nc6 {[%clk 1:28:07]} 6. Nc2 {[%clk
1:32:18]} d6 {[%clk 1:26:14]} 7. Be2 {[%clk 1:32:13]} Nf6 {[%clk 1:26:24]} 8. Nc3
{[%clk 1:32:37]} Nd7 {[%clk 1:26:37]} 9. Bd2 {[%clk 1:31:29]} a5 {[%clk 1:24:16]}
10. O-O {[%clk 1:31:06]} O-O {[%clk 1:24:30]} 11. Rb1 {[%clk 1:30:08]} Nc5 {[%clk
1:24:12]} 12. f3 {[%clk 1:29:52]} f5 {[%clk 1:20:57]} 13. exf5 {[%clk 1:25:59]}
Bxf5 {[%clk 1:21:10]} 14. g4 {[%clk 1:07:43]} Bxc2 {[%clk 1:12:02]} 15. Qxc2
{[%clk 1:08:06]} Nd4 {[%clk 1:05:36]} 16. Qd1 {[%clk 1:08:29]} e5 {[%clk
1:03:35]} 17. Be3 {[%clk 1:05:07]} Nce6 {[%clk 1:00:35]} 18. Nd5 {[%clk 1:04:58]}
Qh4 {[%clk 0:58:57]} 19. Kh1 {[%clk 0:49:05]} Rf7 {[%clk 0:56:02]} 20. Bf2 {[%clk
0:44:08]} Qh3 {[%clk 0:54:04]} 21. Bg3 {[%clk 0:44:30]} Raf8 {[%clk 0:47:17]} 22.
Rc1 {[%clk 0:41:46]} Nxe2 {[%clk 0:40:20]} 23. Qxe2 {[%clk 0:40:39]} Nd4 {[%clk
0:40:41]} 24. Qe4 {[%clk 0:41:04]} Rxf3 {[%clk 0:39:34]} 25. Rxf3 {[%clk
0:41:27]} Rxf3 {[%clk 0:39:29]} 26. Rg1 {[%clk 0:41:45]} Rf1 {[%clk 0:18:23]} 27.
Ne3 {[%clk 0:40:24]} Rxg1+ {[%clk 0:15:51]} 28. Kxg1 {[%clk 0:40:51]} Ne2+ {[%clk
0:15:38]} 29. Kf2 {[%clk 0:41:09]} Nxg3 {[%clk 0:13:56]} 30. hxg3 {[%clk
0:41:34]} Qh2+ {[%clk 0:12:00]} 31. Ng2 {[%clk 0:41:56]} Bf8 {[%clk 0:09:58]} 32.
Qd5+ {[%clk 0:40:51]} Kh8 {[%clk 0:10:27]} 33. Qxb7 {[%clk 0:39:08]} Qh6 {[%clk
0:10:02]} 34. Ne3 {[%clk 0:33:54]} Qg5 {[%clk 0:08:17]} 35. Qf7 {[%clk 0:25:45]}
Be7 {[%clk 0:08:17]} 36. Nd5 {[%clk 0:25:45]} 1/2-1/2

[Event "8th Vellmar Chess Days"]
[Site "chess24.com"]
[Date "2016.07.31"]
[Round "7"]
[White "Pubantz, Jan"]
[Black "Halt, David"]
[Result "0-1"]
[Board "9"]
[WhiteElo "1723"]
[WhiteCountry "GER"]
[WhiteFideId "12996114"]
[WhiteEloChange "-2"]
[BlackElo "2096"]
[BlackCountry "GER"]
[BlackFideId "24614602"]
[BlackEloChange "2"]

1. d4 {[%clk 1:30:54]} f5 {[%clk 1:30:30]} 2. g3 {[%clk 1:31:04]} Nf6 {[%clk
1:30:53]} 3. Bg2 {[%clk 1:31:21]} d6 {[%clk 1:31:12]} 4. Nf3 {[%clk 1:31:25]} g6
{[%clk 1:31:34]} 5. O-O {[%clk 1:31:28]} Bg7 {[%clk 1:31:55]} 6. c4 {[%clk
1:31:31]} O-O {[%clk 1:32:15]} 7. Nc3 {[%clk 1:31:49]} c6 {[%clk 1:32:31]} 8. Qb3
{[%clk 1:24:10]} Na6 {[%clk 1:32:46]} 9. Bg5 {[%clk 1:15:34]} Kh8 {[%clk
1:21:47]} 10. Bxf6 {[%clk 1:14:54]} Rxf6 {[%clk 1:20:21]} 11. Rfe1 {[%clk
1:07:07]} Rf8 {[%clk 1:16:48]} 12. Rad1 {[%clk 1:02:53]} Qc7 {[%clk 1:16:32]} 13.
e4 {[%clk 1:01:25]} f4 {[%clk 1:16:24]} 14. Ne2 {[%clk 0:49:57]} fxg3 {[%clk
1:12:10]} 15. Nxg3 {[%clk 0:49:46]} e5 {[%clk 1:11:45]} 16. d5 {[%clk 0:46:26]}
cxd5 {[%clk 1:09:47]} 17. cxd5 {[%clk 0:45:10]} Nc5 {[%clk 1:09:57]} 18. Qc2
{[%clk 0:42:09]} a5 {[%clk 1:09:20]} 19. Rc1 {[%clk 0:41:44]} Bh6 {[%clk
1:09:18]} 20. Rb1 {[%clk 0:40:49]} b6 {[%clk 0:54:25]} 21. b4 {[%clk 0:39:40]}
axb4 {[%clk 0:54:45]} 22. Rxb4 {[%clk 0:39:57]} Ba6 {[%clk 0:53:11]} 23. Nd2
{[%clk 0:30:04]} Bxd2 {[%clk 0:52:31]} 24. Qxd2 {[%clk 0:29:04]} Nd3 {[%clk
0:52:48]} 25. Reb1 {[%clk 0:28:02]} Rxf2 {[%clk 0:51:18]} 26. Qxf2 {[%clk
0:27:54]} Nxf2 {[%clk 0:51:40]} 27. Kxf2 {[%clk 0:28:06]} Qc5+ {[%clk 0:52:00]}
28. Ke1 {[%clk 0:27:56]} Bd3 {[%clk 0:46:05]} 29. R1b2 {[%clk 0:27:18]} Qc1+
{[%clk 0:46:20]} 0-1

[Event "8th Vellmar Chess Days"]
[Site "chess24.com"]
[Date "2016.07.31"]
[Round "7"]
[White "Kiesel, Harald"]
[Black "Heinelt, Manfred"]
[Result "1-0"]
[Board "10"]
[WhiteElo "2074"]
[WhiteCountry "GER"]
[WhiteFideId "4616014"]
[WhiteEloChange "13"]
[BlackElo "2175"]
[BlackCountry "GER"]
[BlackFideId "4656695"]
[BlackEloChange "-13"]

1. e4 {[%clk 1:30:58]} c5 {[%clk 1:30:51]} 2. Nf3 {[%clk 1:31:21]} d6 {[%clk
1:31:03]} 3. d4 {[%clk 1:31:23]} cxd4 {[%clk 1:31:27]} 4. Nxd4 {[%clk 1:31:51]}
Nf6 {[%clk 1:31:48]} 5. Nc3 {[%clk 1:32:14]} e6 {[%clk 1:32:09]} 6. Be2 {[%clk
1:29:05]} Be7 {[%clk 1:32:24]} 7. Be3 {[%clk 1:28:43]} O-O {[%clk 1:32:42]} 8.
O-O {[%clk 1:29:00]} a6 {[%clk 1:32:56]} 9. f4 {[%clk 1:24:39]} Nc6 {[%clk
1:31:52]} 10. Qe1 {[%clk 1:22:22]} Qc7 {[%clk 1:29:15]} 11. Qg3 {[%clk 1:19:57]}
Re8 {[%clk 1:28:25]} 12. Rae1 {[%clk 1:19:41]} b5 {[%clk 1:28:14]} 13. Nxc6
{[%clk 1:10:15]} Qxc6 {[%clk 1:27:19]} 14. e5 {[%clk 1:09:45]} Nd5 {[%clk
1:22:59]} 15. Bf3 {[%clk 1:09:27]} Bb7 {[%clk 1:22:44]} 16. f5 {[%clk 0:54:05]}
dxe5 {[%clk 1:21:09]} 17. Bh6 {[%clk 0:45:09]} g6 {[%clk 1:13:31]} 18. fxg6
{[%clk 0:27:34]} hxg6 {[%clk 1:13:15]} 19. Be4 {[%clk 0:20:01]} Qb6+ {[%clk
1:07:53]} 20. Kh1 {[%clk 0:20:22]} Nf4 {[%clk 1:08:09]} 21. Bxb7 {[%clk 0:16:56]}
Qxb7 {[%clk 1:07:48]} 22. Rxe5 {[%clk 0:16:20]} Nd5 {[%clk 1:06:09]} 23. Rxe6
{[%clk 0:11:48]} Bb4 {[%clk 1:05:15]} 24. Rxg6+ {[%clk 0:07:48]} fxg6 {[%clk
1:05:30]} 25. Qxg6+ {[%clk 0:07:48]} Kh8 {[%clk 1:05:35]} 26. Nxd5 {[%clk
0:08:13]} Bf8 {[%clk 1:05:43]} 27. Nf6 {[%clk 0:08:13]} 1-0

[Event "8th Vellmar Chess Days"]
[Site "chess24.com"]
[Date "2016.07.31"]
[Round "7"]
[White "Heimsoth, Sven-Holger"]
[Black "Doerge, Sven"]
[Result "1/2-1/2"]
[Board "11"]
[WhiteElo "2157"]
[WhiteCountry "GER"]
[WhiteFideId "4651243"]
[WhiteEloChange "-3"]
[BlackElo "2039"]
[BlackCountry "GER"]
[BlackFideId "24657638"]
[BlackEloChange "3"]

1. Nf3 {[%clk 1:30:56]} d5 {[%clk 1:30:13]} 2. g3 {[%clk 1:31:20]} c6 {[%clk
1:30:11]} 3. Bg2 {[%clk 1:30:46]} f5 {[%clk 1:29:13]} 4. d3 {[%clk 1:29:27]} Nf6
{[%clk 1:27:53]} 5. O-O {[%clk 1:29:12]} e6 {[%clk 1:27:37]} 6. Nbd2 {[%clk
1:23:05]} Bd6 {[%clk 1:25:17]} 7. e4 {[%clk 1:21:50]} fxe4 {[%clk 1:15:23]} 8.
dxe4 {[%clk 1:19:56]} Qc7 {[%clk 1:15:12]} 9. Qe2 {[%clk 1:19:47]} e5 {[%clk
1:13:54]} 10. Re1 {[%clk 1:09:35]} Bg4 {[%clk 1:08:23]} 11. h3 {[%clk 1:09:35]}
Bxf3 {[%clk 1:08:23]} 12. Bxf3 {[%clk 1:09:35]} O-O {[%clk 1:08:23]} 13. c4
{[%clk 1:09:35]} d4 {[%clk 1:08:23]} 14. c5 {[%clk 1:09:35]} Be7 {[%clk 1:08:23]}
15. b4 {[%clk 1:09:35]} Na6 {[%clk 1:08:23]} 16. a3 {[%clk 1:09:35]} Qd7 {[%clk
1:08:23]} 17. Nc4 {[%clk 1:09:35]} Qc7 {[%clk 1:08:23]} 18. Nd2 {[%clk 1:09:35]}
Nb8 {[%clk 1:08:23]} 1/2-1/2

[Event "8th Vellmar Chess Days"]
[Site "chess24.com"]
[Date "2016.07.31"]
[Round "7"]
[White "Dannhaeuser, Kevin"]
[Black "George, Tom"]
[Result "0-1"]
[Board "12"]
[WhiteElo "2056"]
[WhiteCountry "GER"]
[WhiteFideId "12912760"]
[WhiteEloChange "-10"]
[BlackElo "2044"]
[BlackCountry "GER"]
[BlackFideId "24659487"]
[BlackEloChange "10"]

1. Nf3 {[%clk 1:30:58]} c5 {[%clk 1:30:53]} 2. g3 {[%clk 1:31:21]} g6 {[%clk
1:30:57]} 3. Bg2 {[%clk 1:31:45]} Bg7 {[%clk 1:31:12]} 4. O-O {[%clk 1:32:08]}
Nc6 {[%clk 1:31:32]} 5. d3 {[%clk 1:31:23]} d6 {[%clk 1:29:01]} 6. c3 {[%clk
1:30:17]} Nf6 {[%clk 1:27:27]} 7. Qa4 {[%clk 1:29:44]} O-O {[%clk 1:27:06]} 8.
Qh4 {[%clk 1:29:27]} Re8 {[%clk 1:20:47]} 9. Bh6 {[%clk 1:28:02]} Qb6 {[%clk
1:19:22]} 10. Bxg7 {[%clk 1:27:31]} Kxg7 {[%clk 1:19:45]} 11. b3 {[%clk 1:26:40]}
Bg4 {[%clk 1:18:38]} 12. Qg5 {[%clk 1:26:40]} d5 {[%clk 1:12:26]} 13. Qc1 {[%clk
1:17:57]} e5 {[%clk 1:11:25]} 14. h3 {[%clk 1:17:51]} Bxf3 {[%clk 1:06:16]} 15.
exf3 {[%clk 1:18:14]} Rad8 {[%clk 1:04:06]} 16. Nd2 {[%clk 1:17:05]} d4 {[%clk
1:00:12]} 17. c4 {[%clk 1:13:14]} Nh5 {[%clk 1:00:34]} 18. a3 {[%clk 1:12:45]} f5
{[%clk 1:00:07]} 19. Qb2 {[%clk 1:10:49]} a5 {[%clk 0:58:11]} 20. Rfb1 {[%clk
1:07:40]} Qc7 {[%clk 0:54:40]} 21. Nf1 {[%clk 1:03:39]} Nf6 {[%clk 0:51:49]} 22.
Qd2 {[%clk 1:03:13]} h6 {[%clk 0:40:56]} 23. Re1 {[%clk 0:59:56]} g5 {[%clk
0:36:35]} 24. Re2 {[%clk 0:59:56]} b6 {[%clk 0:27:33]} 25. Qe1 {[%clk 0:58:14]}
f4 {[%clk 0:25:22]} 26. Nd2 {[%clk 0:58:15]} Rf8 {[%clk 0:23:34]} 27. Ne4 {[%clk
0:52:03]} Ne8 {[%clk 0:24:02]} 28. Rea2 {[%clk 0:50:30]} Nd6 {[%clk 0:22:00]} 29.
Nxd6 {[%clk 0:49:51]} Rxd6 {[%clk 0:19:02]} 30. Qe4 {[%clk 0:50:06]} Rdf6 {[%clk
0:17:43]} 31. g4 {[%clk 0:40:33]} h5 {[%clk 0:17:27]} 32. Kf1 {[%clk 0:33:48]}
Rh6 {[%clk 0:15:17]} 33. Ke2 {[%clk 0:33:21]} hxg4 {[%clk 0:11:54]} 34. hxg4
{[%clk 0:33:40]} Qf7 {[%clk 0:11:54]} 35. b4 {[%clk 0:30:29]} cxb4 {[%clk
0:09:54]} 36. axb4 {[%clk 0:30:48]} Nxb4 {[%clk 0:07:35]} 37. Qxe5+ {[%clk
0:30:13]} Qf6 {[%clk 0:06:39]} 38. Qxf6+ {[%clk 0:30:35]} Rhxf6 {[%clk 0:06:48]}
39. Ra4 {[%clk 0:28:53]} Re6+ {[%clk 0:06:52]} 40. Kd2 {[%clk 0:29:15]} Rfe8
{[%clk 0:06:38]} 41. Bf1 {[%clk 0:29:40]} Re5 {[%clk 0:04:55]} 42. Rc1 {[%clk
0:28:55]} Kf6 {[%clk 0:01:21]} 43. c5 {[%clk 0:27:03]} bxc5 {[%clk 0:30:22]} 44.
Rxa5 {[%clk 0:58:28]} c4 {[%clk 0:30:29]} 45. Rxe5 {[%clk 0:58:08]} c3+ {[%clk
0:30:48]} 46. Kd1 {[%clk 0:58:31]} Rxe5 {[%clk 0:30:44]} 47. Ra1 {[%clk 0:58:49]}
Rb5 {[%clk 0:24:38]} 48. Kc1 {[%clk 0:57:20]} Rb8 {[%clk 0:20:40]} 49. Ra4 {[%clk
0:53:57]} Ke5 {[%clk 0:19:46]} 50. Be2 {[%clk 0:54:15]} Kd5 {[%clk 0:19:46]} 0-1

[Event "8th Vellmar Chess Days"]
[Site "chess24.com"]
[Date "2016.07.31"]
[Round "7"]
[White "Guelsen, Taylan"]
[Black "Windelband, Jens"]
[Result "0-1"]
[Board "13"]
[WhiteElo "2063"]
[WhiteCountry "GER"]
[WhiteFideId "24603635"]
[WhiteEloChange "-8"]
[BlackElo "2120"]
[BlackCountry "GER"]
[BlackFideId "4663845"]
[BlackEloChange "8"]

1. Nf3 {[%clk 1:30:52]} d6 {[%clk 1:30:44]} 2. e4 {[%clk 1:31:13]} c5 {[%clk
1:30:04]} 3. d4 {[%clk 1:31:37]} cxd4 {[%clk 1:30:27]} 4. Nxd4 {[%clk 1:32:05]}
Nf6 {[%clk 1:30:41]} 5. Nc3 {[%clk 1:32:29]} g6 {[%clk 1:30:20]} 6. Be3 {[%clk
1:31:46]} Bg7 {[%clk 1:28:22]} 7. Qd2 {[%clk 1:31:29]} Ng4 {[%clk 1:26:13]} 8.
Bg5 {[%clk 1:27:29]} Nc6 {[%clk 1:23:34]} 9. Nxc6 {[%clk 1:24:53]} bxc6 {[%clk
1:23:56]} 10. h3 {[%clk 1:24:57]} Nf6 {[%clk 1:18:50]} 11. e5 {[%clk 1:15:21]}
dxe5 {[%clk 1:16:54]} 12. Qxd8+ {[%clk 1:15:39]} Kxd8 {[%clk 1:17:19]} 13. Bc4
{[%clk 1:15:53]} Kc7 {[%clk 1:00:26]} 14. O-O {[%clk 1:10:44]} e6 {[%clk
0:54:16]} 15. f4 {[%clk 1:06:33]} e4 {[%clk 0:50:25]} 16. Rab1 {[%clk 1:04:53]}
Nd5 {[%clk 0:42:50]} 17. Nxe4 {[%clk 0:22:12]} Ne3 {[%clk 0:42:49]} 18. Bd3
{[%clk 0:20:11]} Nxf1 {[%clk 0:42:54]} 19. Bxf1 {[%clk 0:20:35]} f5 {[%clk
0:35:23]} 20. Nd2 {[%clk 0:19:30]} h6 {[%clk 0:25:44]} 21. Be7 {[%clk 0:16:01]}
Bd4+ {[%clk 0:21:01]} 22. Kh1 {[%clk 0:16:13]} Re8 {[%clk 0:21:26]} 23. Bh4
{[%clk 0:15:56]} Be3 {[%clk 0:20:56]} 24. Nc4 {[%clk 0:16:10]} Bxf4 {[%clk
0:21:05]} 25. b4 {[%clk 0:16:10]} Ba6 {[%clk 0:12:53]} 26. a4 {[%clk 0:16:33]}
Bxc4 {[%clk 0:11:45]} 27. Bxc4 {[%clk 0:16:59]} g5 {[%clk 0:12:09]} 28. Be1
{[%clk 0:17:12]} Be3 {[%clk 0:11:35]} 29. Be2 {[%clk 0:13:40]} e5 {[%clk
0:11:04]} 30. c4 {[%clk 0:14:04]} e4 {[%clk 0:07:16]} 31. b5 {[%clk 0:13:04]}
Red8 {[%clk 0:07:04]} 32. a5 {[%clk 0:13:20]} Bd2 {[%clk 0:05:39]} 33. b6+ {[%clk
0:13:41]} axb6 {[%clk 0:06:00]} 34. axb6+ {[%clk 0:14:06]} Kb7 {[%clk 0:06:00]}
35. Bg3 {[%clk 0:14:02]} f4 {[%clk 0:05:55]} 36. Bf2 {[%clk 0:14:23]} e3 {[%clk
0:06:13]} 37. Bg1 {[%clk 0:14:49]} Ra6 {[%clk 0:06:08]} 38. c5 {[%clk 0:14:52]}
Ra5 {[%clk 0:06:18]} 39. g3 {[%clk 0:15:02]} Rxc5 {[%clk 0:05:14]} 40. gxf4
{[%clk 0:15:11]} gxf4 {[%clk 0:05:32]} 41. Bh2 {[%clk 0:15:15]} Rc1+ {[%clk
0:04:04]} 42. Rxc1 {[%clk 0:15:36]} Bxc1 {[%clk 0:04:30]} 43. Bxf4 {[%clk
0:16:03]} Kxb6 {[%clk 0:03:46]} 44. Kg2 {[%clk 0:16:26]} Rf8 {[%clk 0:25:05]} 45.
Kf3 {[%clk 0:46:48]} Kc5 {[%clk 0:21:42]} 46. Ke4 {[%clk 0:47:03]} Re8+ {[%clk
0:21:23]} 47. Kd3 {[%clk 0:46:06]} Rd8+ {[%clk 0:20:25]} 48. Ke4 {[%clk 0:44:04]}
Rd4+ {[%clk 0:20:24]} 49. Kf3 {[%clk 0:44:25]} Rxf4+ {[%clk 0:20:50]} 50. Kxf4
{[%clk 0:44:45]} Kd4 {[%clk 0:21:18]} 51. Kf3 {[%clk 0:42:23]} c5 {[%clk
0:12:55]} 52. Bd1 {[%clk 0:41:50]} c4 {[%clk 0:13:17]} 53. Ke2 {[%clk 0:42:13]}
Ke4 {[%clk 0:11:44]} 54. Ba4 {[%clk 0:17:47]} Ba3 {[%clk 0:09:22]} 55. h4 {[%clk
0:14:25]} Bc5 {[%clk 0:03:47]} 56. h5 {[%clk 0:13:55]} Kd4 {[%clk 0:04:02]} 57.
Be8 {[%clk 0:11:46]} Kc3 {[%clk 0:03:26]} 58. Bf7 {[%clk 0:12:07]} Bd4 {[%clk
0:03:34]} 59. Be6 {[%clk 0:12:17]} Kb4 {[%clk 0:03:34]} 60. Bf5 {[%clk 0:10:47]}
Ka3 {[%clk 0:03:29]} 61. Bc2 {[%clk 0:10:10]} Kb2 {[%clk 0:03:47]} 62. Bd1 {[%clk
0:09:44]} Kc1 {[%clk 0:03:58]} 63. Ba4 {[%clk 0:10:09]} Kb2 {[%clk 0:03:23]} 64.
Bd1 {[%clk 0:10:34]} c3 {[%clk 0:03:34]} 65. Kd3 {[%clk 0:10:55]} Bc5 {[%clk
0:02:56]} 66. Ba4 {[%clk 0:11:08]} Bb6 {[%clk 0:02:56]} 67. Bd1 {[%clk 0:11:28]}
Bd4 {[%clk 0:03:19]} 68. Ba4 {[%clk 0:11:48]} Kc1 {[%clk 0:03:48]} 69. Bb3 {[%clk
0:12:02]} Kb2 {[%clk 0:03:32]} 70. Bd1 {[%clk 0:12:10]} Ka3 {[%clk 0:04:20]} 71.
Bc2 {[%clk 0:12:28]} Kb4 {[%clk 0:04:20]} 72. Bd1 {[%clk 0:12:48]} Kc5 {[%clk
0:04:46]} 73. Bb3 {[%clk 0:12:37]} Kd6 {[%clk 0:05:06]} 74. Bc2 {[%clk 0:12:38]}
Ke5 {[%clk 0:05:33]} 75. Bd1 {[%clk 0:07:24]} Kf4 {[%clk 0:05:53]} 76. Ke2 {[%clk
0:06:42]} Kg3 {[%clk 0:06:02]} 77. Kd3 {[%clk 0:06:21]} Kf2 {[%clk 0:06:14]} 78.
Bg4 {[%clk 0:06:35]} e2 {[%clk 0:05:20]} 79. Bxe2 {[%clk 0:06:54]} c2 {[%clk
0:05:47]} 80. Kxc2 {[%clk 0:07:19]} Kxe2 {[%clk 0:06:13]} 81. Kc1 {[%clk
0:07:38]} Bc3 {[%clk 0:05:00]} 82. Kc2 {[%clk 0:08:02]} Ba5 {[%clk 0:05:26]} 83.
Kc1 {[%clk 0:08:23]} Ke3 {[%clk 0:05:31]} 84. Kc2 {[%clk 0:08:43]} Kf3 {[%clk
0:04:40]} 85. Kd3 {[%clk 0:09:03]} Bb4 {[%clk 0:04:38]} 86. Kd4 {[%clk 0:09:19]}
Bd2 {[%clk 0:04:08]} 87. Ke5 {[%clk 0:08:54]} Be3 {[%clk 0:03:31]} 88. Kd5 {[%clk
0:07:25]} Ba7 {[%clk 0:03:47]} 89. Ke5 {[%clk 0:07:33]} Kg4 {[%clk 0:04:00]} 90.
Ke4 {[%clk 0:07:58]} Bb6 {[%clk 0:04:24]} 91. Ke5 {[%clk 0:08:08]} Kxh5 {[%clk
0:04:09]} 92. Kf4 {[%clk 0:08:28]} Kh4 {[%clk 0:04:30]} 93. Kf3 {[%clk 0:08:53]}
Kh3 {[%clk 0:04:54]} 94. Kf4 {[%clk 0:09:03]} h5 {[%clk 0:05:09]} 95. Kg5 {[%clk
0:08:06]} h4 {[%clk 0:05:32]} 0-1

[Event "8th Vellmar Chess Days"]
[Site "chess24.com"]
[Date "2016.07.31"]
[Round "7"]
[White "Ding, Linlin"]
[Black "Reichenbaecher, Thomas"]
[Result "1/2-1/2"]
[Board "14"]
[WhiteElo "2199"]
[WhiteCountry "CHN"]
[WhiteFideId "8601267"]
[WhiteEloChange "-6"]
[BlackElo "1975"]
[BlackCountry "GER"]
[BlackFideId "4643402"]
[BlackEloChange "6"]

1. e4 {[%clk 1:27:18]} c5 {[%clk 1:30:52]} 2. Nf3 {[%clk 1:27:34]} a6 {[%clk
1:31:15]} 3. c3 {[%clk 1:27:44]} e6 {[%clk 1:31:40]} 4. d4 {[%clk 1:27:40]} d5
{[%clk 1:32:05]} 5. e5 {[%clk 1:27:17]} Nc6 {[%clk 1:32:31]} 6. a3 {[%clk
1:24:17]} Nh6 {[%clk 1:32:54]} 7. Bxh6 {[%clk 1:21:20]} gxh6 {[%clk 1:33:18]} 8.
b4 {[%clk 1:21:42]} cxd4 {[%clk 1:33:43]} 9. cxd4 {[%clk 1:22:08]} Bg7 {[%clk
1:34:08]} 10. Bd3 {[%clk 1:18:41]} O-O {[%clk 1:33:23]} 11. O-O {[%clk 1:13:14]}
f6 {[%clk 1:33:24]} 12. Re1 {[%clk 1:09:00]} f5 {[%clk 1:29:07]} 13. Nc3 {[%clk
1:08:35]} Bd7 {[%clk 1:27:05]} 14. Ne2 {[%clk 1:08:28]} Be8 {[%clk 1:27:00]} 15.
Nf4 {[%clk 1:08:52]} Qe7 {[%clk 1:27:25]} 16. Be2 {[%clk 1:02:00]} Bg6 {[%clk
1:27:25]} 17. Qd3 {[%clk 1:02:00]} 1/2-1/2

[Event "8th Vellmar Chess Days"]
[Site "chess24.com"]
[Date "2016.07.31"]
[Round "7"]
[White "Pienski, Olaf"]
[Black "Langjahr, Marius"]
[Result "1/2-1/2"]
[Board "15"]
[WhiteElo "2168"]
[WhiteCountry "GER"]
[WhiteFideId "4619544"]
[WhiteEloChange "-8"]
[BlackElo "1812"]
[BlackCountry "GER"]
[BlackFideId "12974625"]
[BlackEloChange "8"]

1. e4 {[%clk 1:28:09]} e6 {[%clk 1:30:46]} 2. d4 {[%clk 1:27:03]} d5 {[%clk
1:31:04]} 3. e5 {[%clk 1:27:04]} c5 {[%clk 1:31:21]} 4. c3 {[%clk 1:27:24]} Nc6
{[%clk 1:31:27]} 5. Nf3 {[%clk 1:27:42]} Qb6 {[%clk 1:31:19]} 6. a3 {[%clk
1:27:33]} Nh6 {[%clk 1:31:32]} 7. b4 {[%clk 1:26:10]} cxd4 {[%clk 1:31:47]} 8.
cxd4 {[%clk 1:26:31]} Nf5 {[%clk 1:32:10]} 9. Bb2 {[%clk 1:24:32]} Be7 {[%clk
1:31:45]} 10. Be2 {[%clk 1:20:25]} a5 {[%clk 1:31:02]} 11. b5 {[%clk 1:18:55]} a4
{[%clk 1:31:08]} 12. O-O {[%clk 1:14:48]} O-O {[%clk 1:31:22]} 13. Ra2 {[%clk
1:05:09]} Na5 {[%clk 1:31:20]} 14. Nc3 {[%clk 0:56:16]} Nc4 {[%clk 1:25:07]} 15.
Bxc4 {[%clk 0:53:05]} dxc4 {[%clk 1:25:27]} 16. d5 {[%clk 0:50:21]} exd5 {[%clk
1:19:34]} 17. Nxd5 {[%clk 0:48:57]} Qc5 {[%clk 1:19:33]} 18. Bc3 {[%clk 0:42:54]}
Rd8 {[%clk 1:15:45]} 19. Rd2 {[%clk 0:39:55]} Rxd5 {[%clk 1:13:29]} 20. Rxd5
{[%clk 0:38:43]} Qxa3 {[%clk 1:13:28]} 21. Qa1 {[%clk 0:32:50]} Qxa1 {[%clk
1:13:16]} 22. Rxa1 {[%clk 0:32:54]} Be6 {[%clk 1:09:52]} 23. Rd2 {[%clk 0:32:22]}
a3 {[%clk 1:08:17]} 24. g4 {[%clk 0:31:43]} Nh4 {[%clk 1:05:59]} 25. Nxh4 {[%clk
0:30:18]} Bxh4 {[%clk 1:06:27]} 26. h3 {[%clk 0:24:44]} Be7 {[%clk 1:06:12]} 27.
f4 {[%clk 0:23:55]} Bc5+ {[%clk 1:05:41]} 28. Kg2 {[%clk 0:23:12]} Be3 {[%clk
1:04:55]} 29. Rda2 {[%clk 0:22:52]} Bxf4 {[%clk 1:04:56]} 30. Rxa3 {[%clk
0:22:43]} Rxa3 {[%clk 1:05:17]} 31. Rxa3 {[%clk 0:22:48]} h6 {[%clk 1:05:36]} 32.
Ra8+ {[%clk 0:19:48]} Kh7 {[%clk 1:06:01]} 33. Kf3 {[%clk 0:19:05]} g5 {[%clk
1:06:14]} 34. Rd8 {[%clk 0:14:46]} h5 {[%clk 1:00:15]} 35. Rd6 {[%clk 0:12:57]}
hxg4+ {[%clk 1:00:16]} 36. hxg4 {[%clk 0:13:25]} Kg7 {[%clk 1:00:02]} 37. Rb6
{[%clk 0:12:54]} Bd5+ {[%clk 1:00:11]} 38. Kf2 {[%clk 0:11:05]} Kf8 {[%clk
0:59:59]} 39. Rd6 {[%clk 0:10:49]} Be6 {[%clk 1:00:21]} 40. Kf3 {[%clk 0:10:43]}
Ke8 {[%clk 0:59:09]} 41. Rd1 {[%clk 0:06:42]} Bd7 {[%clk 0:58:07]} 42. Rb1 {[%clk
0:06:51]} Ke7 {[%clk 0:54:54]} 43. Rb4 {[%clk 0:03:49]} Ke6 {[%clk 0:51:10]} 44.
Ke4 {[%clk 0:03:01]} Bg3 {[%clk 0:49:35]} 45. Rb2 {[%clk 0:27:54]} Bf4 {[%clk
1:18:20]} 46. Rb4 {[%clk 0:25:26]} 1/2-1/2